Štruktúrna podstata mechanických vlastností spekaných konštrukčných materiálov na báze železa ; Eva Dudrová, Ľudovít Parilák, Karol Pelikán, Milan Šlesár

Bibliographic Details
Main Authors: Dudrová, Eva, 1941- (Author), Parilák, Ľudovít, 1948- (Author), Pelikán, Karol (Author), Šlesár, Milan (Author)
Format: Article
Language:Slovak
PhysicalDescription:Grafy 14., lit. 42 zázn. v slov., angl., nem.
Subjects:

MARC

LEADER 00000nab a2200000 a 4500
001 vtls000401299
003 SK-MaSNL
005 20260303212609.0
008 160204c1989 xo 0 slo
015 |a SNBRA19rr/mm-uuuuu 
035 |a CL0401423 
040 |a SNKBUCL  |b slo  |c SNKBUCL  |e AACR2 
041 0 |a slo 
044 |a xo  |c SK 
080 |a 621.762:539.2  |2 1981 
080 |a 539.2  |2 1981 
080 |a 669-138  |2 1981 
245 0 0 |a Štruktúrna podstata mechanických vlastností spekaných konštrukčných materiálov na báze železa ; Eva Dudrová, Ľudovít Parilák, Karol Pelikán, Milan Šlesár 
300 |b Grafy 14., lit. 42 zázn. v slov., angl., nem. 
650 0 7 |a prášková metalurgia  |2 snkbucl  |9 86852 
650 0 7 |a materiály konštrukčné spekané  |2 snkbucl  |9 1245540 
655 7 |a články zo zborníkov  |2 snkbucl  |9 166140 
700 1 |a Dudrová, Eva,  |d 1941-  |4 aut  |9 236741 
700 1 |a Parilák, Ľudovít,  |d 1948-  |4 aut  |9 93758 
700 1 |a Pelikán, Karol  |4 aut  |9 7238 
700 1 |a Šlesár, Milan  |4 aut  |9 376926 
773 0 |t Pokroky a ďalšie tendencie rozvoja technológií spájania a práškovej metalurgie v strojárstve  |d Žilina : Dom techniky ČSVTS, 1989  |g S. 138-150 
850 |a Slovenská národná knižnica v Martine  |a MTA001 
852 |a SNK  |b KIS3GCP 
958 |a NB 
958 |a RK 
992 |a RZB 
999 |c 2208099  |d 2210029